000 01102nam a22003017a 4500
001 BD-DhSAU 8849
003 BD-DhSAU
005 20181212111014.0
008 150420b2017 bg ||||| m||| 00| 0 eng d
040 _aBD-DhSAU
082 _222
_a635
_bH7949
100 _eRegistration # 11-04572
_aHossan , Manir
245 _aEffect of Salicylic acid to mitigate Salt stress in Chilli /
_bMS thesis
_cHossan , Manir
260 _aSher-e-Bangla Agricultural University :
_bDepartment of Horticulture,
_c2017
300 _aix, 62 p. :
_c30 cm.
_bill. ;
500 _aMS thesis of Department of Horticulture, Faculty of Agriculture, Sher-e-Bangla Agricultural University, Dhaka
504 _aIncludes bibliographical reference.
590 _aShofi
650 _aHorticulture
650 _aEffect
650 _aSalicylic acid
650 _aSalt stress
650 _a Chilli
700 _a Hossain , Md. Ismail
_eSuperviser
700 _aParvin , Khursheda
_eCo-superviser
856 _uhttp://archive.saulibrary.edu.bd:8080/xmlui/handle/123456789/120
_yOnline Access
942 _2ddc
_cTHESIS
999 _c14393
_d14392